header

Becoming Cajun, becoming American (Record no. 67531)

MARC details
000 -LEADER
fixed length control field 02055nam a2200349 a 4500
100 1# - MAIN ENTRY--AUTHOR NAME
Personal name Hebert-Leiter, Maria.
245 10 - TITLE STATEMENT
Title Becoming Cajun, becoming American
260 ## - PUBLICATION, DISTRIBUTION, ETC. (IMPRINT)
Place of publication Baton Rouge :
Name of publisher Louisiana State University Press,
Year of publication c2009.
300 ## - PHYSICAL DESCRIPTION
Number of Pages x, 200 p.
490 1# - SERIES STATEMENT
Series statement Southern literary studies
505 0# - FORMATTED CONTENTS NOTE
Formatted contents note Introduction: from Acadian to American: the paradox of Cajun American identity -- Longfellow's Evangeline: the origins of American myth and Cajun memory -- How to become American: the irony of George Washington Cable's Bonaventure -- The awakening awakened: Cajun identity and female sexuality in the fiction of Kate Chopin -- Our Cajun America: twentieth-century revisions of Cajun representation -- The journey home: James Lee Burke's parable of Cajun assimilation -- Embracing difference: Cajuns take the next step in Cajun representation -- Conclusion: local pride, global connections: twenty-first-century Cajuns.
650 #0 - SUBJECT ADDED ENTRY--TOPICAL TERM
Topical Term American literature
Topical Term Cajuns in literature.
Topical Term Acadians in literature.
856 40 - ELECTRONIC LOCATION AND ACCESS
Uniform Resource Identifier http://site.ebrary.com/lib/rucke/Doc?id=10333739

No items available.

© 2026 Rongo University
Contact us: librarian | system librarian | Rongo university